LEADER 01023nam a2200289 i 4500 001 000000158818 003 CaOOAMICUS 005 20240424162953.0 008 070213s1990 it u000 u ita u 013 $a136181 020 $a88-18-06065-1 040 $aSeMil$bita 100 1 $aUlivi, Ferruccio,$d<1912-2002>.$0(OLS)http://semarc/name/17349 245 12$aL'anello :$bromanzo /$cFerruccio Ulivi. 260 $aMilano :$bRusconi,$c1990. 300 $a135 p. ;$c22 cm. 490 0 $aNarrativa Rusconi 500 $aFondo Card. Giovanni Colombo. 830 0$aNarrativa Rusconi.$0(OLS)http://semarc/title/7305 850 $aSeMil 852 $aSeMil$W1$xVenegono$y1$m1H IV 19$j110423$B110423$CSeMilBibl$Z2$F120067 $81 941 1 $a3 961 $aLascito: Colombo Card. Giovanni 996 $6020$a88-18-06065-1$9(OLS)http://semarc/number/74294 996 $6245$aL'anello :$bromanzo$9(OLS)http://semarc/title/140491 996 $6260$aMilano :$bRusconi$9(OLS)http://semarc/publisher/30258 LEADER 01021nam a2200241 i 4500 001 000000054904 003 CaOOAMICUS 005 20120323000000.0 008 120323s1991 it u000 u ita u 013 $a26076 020 $a882151773X 040 $aSeMil$bita 245 10$aCatechismo cattolico degli adulti :$bla confessione di fede della Chiesa /$cConferenza Episcopale Tedesca. 250 $a3. edizione. 300 $a484 p. 650 4$aCatechismo della Chiesa Cattolica.$0(OLS)http://semarc/subject/12084 710 2 $aDeutsche Bischöfskonferenz.$0(OLS)http://semarc/name/11880 773 0 $tCatechismo cattolico degli adulti.$dCinisello Balsamo (MI) : Paoline, 1989.$g1$w()26481 850 $aSeMil 852 $aSeMil$W1$xVenegono$y1$m2C IV 295$j21058$B21058$CSeMilBibl$Z2$F21060 $81 961 $aAcquisto: Casa editrice 996 $6020$a882151773X$9(OLS)http://semarc/number/29882 996 $6245$aCatechismo cattolico degli adulti :$bla confessione di fede della Chiesa$9(OLS)http://semarc/title/85097